000 00762nam a22001815i 4500
001 156184
003 ES-MaACL
005 20230906210335.0
008 020423s1898 sp |||| | spa d
040 _aCAM
_bspa
_cCAM
100 1 _aJackson Veyán, José.
_965824
245 1 3 _aUn primo del otro mundo
_b: apropósito cómico en un acto y en verso /
_cde José Jackson Veyán.
260 _aMadrid :
_b[s.n.],
_c1898 (
_fR. Velasco)
300 _a32 p. ;
_c20 cm.
500 1 _aRepresentado en el teatro de la Comedia, el 18 de marzo de 1893.
596 1 _aEn verso de antep. consta: "... de las Galerías Biblioteca lírico-dramática y Teatro cómico, de Arregui y Aruej ..."
852 _aES-MaACL
_jF-4094(2)
_z-- Enc. hol.
_q-- Falto de la cub. original
999 _c156184
_d156184